Per Kirkeby : (Record no. 1349)

MARC details
000 -LEADER
campo de control de longitud fija 01192nam a22002417a 4500
008 - DATOS DE LONGITUD FIJA--INFORMACIÓN GENERAL
campo de control de longitud fija 171104s2002 dk||||| |||| 00| 0 eng d
020 ## - NÚMERO INTERNACIONAL ESTÁNDAR DEL LIBRO
Número Internacional Estándar del Libro 8790029682
082 04 - NÚMERO DE LA CLASIFICACIÓN DECIMAL DEWEY
Número de clasificación 709.2
Número de ítem T646p
100 1# - ENTRADA PRINCIPAL--NOMBRE DE PERSONA
Nombre de persona Tojner, Poul Erik.
9 (RLIN) 6084
245 14 - MENCIÓN DEL TÍTULO
Título Per Kirkeby :
Resto del título 122 x 122 paintings on masonite /
Mención de responsabilidad, etc. curaduría por Per Kirkeby.
250 ## - MENCION DE EDICION
Mención de edición 1a edición.
260 ## - PUBLICACIÓN, DISTRIBUCIÓN, ETC.
Lugar de publicación, distribución, etc. Dinamarca :
Nombre del editor, distribuidor, etc. Louisiana Museum of Modern Art,
Fecha de publicación, distribución, etc. 2002.
300 ## - DESCRIPCIÓN FÍSICA
Extensión 136 páginas :
Otras características físicas ilustraciones en color.
500 ## - NOTA GENERAL
Nota general Catálogo publicado con motivo a la exposición "Per Kirkeby: 122 x 122 paintings on masonite", presentada del 16 de mayo al 1 de setiembre de 2002, en Louisiana Museum of Modern Art.
505 0# - NOTA DE CONTENIDO CON FORMATO
Título "But maybe i'm simply that kind of old-fashioned type..." a conversation with Per Kirkeby
Mención de responsabilidad Poul Erik Tojner.
Título Nearby and far-away: Per Kirkeby's fence paintings
Mención de responsabilidad Mikkel Bogh.
Título A dark chapter in the history of Denmark
Mención de responsabilidad Lars Morell.
Título Unearthing entropy: the maya caper in Kirkeby's art
Mención de responsabilidad Jacob Wamberg.
653 10 - TÉRMINO DE INDIZACIÓN--NO CONTROLADO
Término no controlado Arte contemporáneo
653 10 - TÉRMINO DE INDIZACIÓN--NO CONTROLADO
Término no controlado Catálogo de exhibición
653 10 - TÉRMINO DE INDIZACIÓN--NO CONTROLADO
Término no controlado Biografías artísticas
653 10 - TÉRMINO DE INDIZACIÓN--NO CONTROLADO
Término no controlado Pintura
653 10 - TÉRMINO DE INDIZACIÓN--NO CONTROLADO
Término no controlado Pintores
653 10 - TÉRMINO DE INDIZACIÓN--NO CONTROLADO
Término no controlado Arte - Dinamarca
653 10 - TÉRMINO DE INDIZACIÓN--NO CONTROLADO
Término no controlado Ensayos
Holdings
Estatus retirado Estado de pérdida Fuente del sistema de clasificación o colocación Estado de daño No para préstamo Biblioteca de origen Biblioteca actual Ubicación en estantería Fecha de adquisición Total de préstamos Signatura topográfica completa Código de barras Visto por última vez Precio de reemplazo Tipo de ítem Koha
    Clasificación Decimal Dewey     Biblioteca LadoV Biblioteca LadoV   04/11/2017   709.2 T646p 000869 04/11/2017 04/11/2017 Material 01